<?xml version="1.0" encoding="UTF-8"?><?xml-stylesheet type="text/xsl" href="static/style.xsl"?><OAI-PMH xmlns="http://www.openarchives.org/OAI/2.0/" xmlns:xsi="http://www.w3.org/2001/XMLSchema-instance" xsi:schemaLocation="http://www.openarchives.org/OAI/2.0/ http://www.openarchives.org/OAI/2.0/OAI-PMH.xsd"><responseDate>2026-06-02T00:41:52Z</responseDate><request verb="GetRecord" identifier="oai:riuma.uma.es:10630/40651" metadataPrefix="marc">https://riuma.uma.es/rest/oai/request</request><GetRecord><record><header><identifier>oai:riuma.uma.es:10630/40651</identifier><datestamp>2026-02-03T11:33:37Z</datestamp><setSpec>com_10630_2254</setSpec><setSpec>col_10630_37953</setSpec></header><metadata><record xmlns="http://www.loc.gov/MARC21/slim" xmlns:dcterms="http://purl.org/dc/terms/" xmlns:doc="http://www.lyncode.com/xoai" xmlns:xsi="http://www.w3.org/2001/XMLSchema-instance" xsi:schemaLocation="http://www.loc.gov/MARC21/slim http://www.loc.gov/standards/marcxml/schema/MARC21slim.xsd">
   <leader>00925njm 22002777a 4500</leader>
   <datafield ind2=" " ind1=" " tag="042">
      <subfield code="a">dc</subfield>
   </datafield>
   <datafield ind2=" " ind1=" " tag="720">
      <subfield code="a">Segado-Moreno, Leandro C.</subfield>
      <subfield code="e">author</subfield>
   </datafield>
   <datafield ind2=" " ind1=" " tag="720">
      <subfield code="a">Ruiz-Arias, José Antonio</subfield>
      <subfield code="e">author</subfield>
   </datafield>
   <datafield ind2=" " ind1=" " tag="720">
      <subfield code="a">Montávez, Juan Pedro</subfield>
      <subfield code="e">author</subfield>
   </datafield>
   <datafield ind2=" " ind1=" " tag="720">
      <subfield code="a">Betak, Juraj</subfield>
      <subfield code="e">author</subfield>
   </datafield>
   <datafield ind2=" " ind1=" " tag="260">
      <subfield code="c">2026-01-15</subfield>
   </datafield>
   <datafield ind2=" " ind1=" " tag="520">
      <subfield code="a">The increase of surface solar radiation (SSR) observed during the last decades in Europe has raised concerns for its implications for the climate system. Here, we evaluate the past and projected SSR trends in Europe from 1994 to 2054 based on a comprehensive set of ground site observations, five historical gridded datasets and a remarkable ensemble of 30 CMIP6 climate models with projections in four different forcing scenarios. Together, they provide a seamless unprecedented characterisation of the SSR trend in Europe across time and space. The regional SSR trend observed in the period 1994–2023 is 3.1 W/m/decade. All gridded datasets, except the ERA5 reanalysis, deviate from this value by 0.3 W/m/decade, or less. Assuming that clouds and aerosols are the only boosters of the SSR trend, it is found that 20% of the trend is explained by aerosol direct effect (ADE). It is shown that the first aerosol indirect effect (AIE) alone cannot explain the SSR trend related to cloud changes, thus leaving a significant role for changes in cloud coverage. It is estimated that the total SSR trend is approximately explained in 1/5 by ADE, 2/5 by first AIE and 2/5 by cloud coverage changes. However, this fractions are likely affected by biases in aerosol optical depth. The results suggest that the CMIP6 ensemble overestimates (underestimates) the clear (cloudy) SSR trend during 1994–2014. The median SSR trend projected by the CMIP6 models is, on average, 85% smaller than the trend observed during 1994–2023 with small differences between forcings scenarios.</subfield>
   </datafield>
   <datafield ind1="8" ind2=" " tag="024">
      <subfield code="a">Leandro C. Segado-Moreno, José A. Ruiz-Arias, Juan Pedro Montávez, Juraj Betak, Past, current and future solar radiation trends in Europe: Multi-source assessment of the role of clouds and aerosols, Remote Sensing of Environment, Volume 333, 2026, 115122, ISSN 0034-4257, https://doi.org/10.1016/j.rse.2025.115122.</subfield>
   </datafield>
   <datafield ind1="8" ind2=" " tag="024">
      <subfield code="a">https://hdl.handle.net/10630/40651</subfield>
   </datafield>
   <datafield ind1="8" ind2=" " tag="024">
      <subfield code="a">10.1016/j.rse.2025.115122</subfield>
   </datafield>
   <datafield tag="653" ind2=" " ind1=" ">
      <subfield code="a">Aerosoles</subfield>
   </datafield>
   <datafield tag="653" ind2=" " ind1=" ">
      <subfield code="a">Radiación solar</subfield>
   </datafield>
   <datafield tag="653" ind2=" " ind1=" ">
      <subfield code="a">Efectos de la contaminación</subfield>
   </datafield>
   <datafield ind2="0" ind1="0" tag="245">
      <subfield code="a">Past, current and future solar radiation trends in Europe: Multi-source assessment of the role of clouds and aerosols</subfield>
   </datafield>
</record>
</metadata></record></GetRecord></OAI-PMH>